书目信息 |
| 题名: |
魏源评传
|
|
| 作者: | 陈其泰肖 , 刘兰肖 著 | |
| 分册: | 上 | |
| 出版信息: | 南京 南京大学出版社 2011.4 |
|
| 页数: | 310页 | |
| 开本: | 23cm | |
| 丛书名: | ||
| 单 册: | ||
| 中图分类: | B252.5 | |
| 科图分类: | ||
| 主题词: | 魏源--评传 | |
| 电子资源: | ||
| ISBN: | 978-7-305-06040-3 | |
| 000 | 00665nam0 2200229 45 | |
| 001 | 513 | |
| 005 | 20120531150045.40 | |
| 010 | @a978-7-305-06040-3@dCNY42.50 | |
| 100 | @a20120328d2010 ekmy0chiy0120 ea | |
| 101 | 0 | @achi |
| 102 | @aCN@b320000 | |
| 105 | @ay z 000yy | |
| 106 | @ar | |
| 200 | 1 | @a魏源评传@AWei Yuan Ping Chuan@h上@HShang@f陈其泰,刘兰肖著@FChen Qi Tai, Liu Lan Xiao Zhu |
| 210 | @a南京@c南京大学出版社@d2011.4 | |
| 215 | @a310页@d23cm | |
| 606 | 0 | @a魏源@x评传 |
| 690 | @aB252.5@v4 | |
| 701 | 0 | @a陈其泰肖@AChen Qi Tai Xiao@4著 |
| 701 | 0 | @a刘兰肖@ALiu Lan Xiao@4著 |
| 801 | 0 | @aCN@bTSTCL@c20120328 |
| 905 | @b0810415-19@dB252.5@e50:1@f5 | |
| 魏源评传.上/陈其泰,刘兰肖著.-南京:南京大学出版社,2011.4 |
| 310页;23cm |
| ISBN 978-7-305-06040-3:CNY42.50 |
| ● |
| 相关链接 |
|
|
|
|
正题名:魏源评传
索取号:B252.5/50:1
 
预约/预借
| 序号 | 登录号 | 条形码 | 馆藏地/架位号 | 状态 | 备注 |
| 1 | 0810415 | 208104157 | 第一样本阅览室/ [索取号:B252.5/50:1] | 在馆 | |
| 2 | 0810416 | 208104166 | 第一借阅区/ [索取号:B252.5/50:1] | 在馆 | |
| 3 | 0810417 | 208104175 | 第一借阅区/ [索取号:B252.5/50:1] | 在馆 | |
| 4 | 0810418 | 208104184 | 第一借阅区/ [索取号:B252.5/50:1] | 在馆 | |
| 5 | 0810419 | 208104193 | 第一借阅区/ [索取号:B252.5/50:1] | 在馆 |